000 00814nam a22001937a 4500
003 OSt
005 20260414132905.0
008 260414b |||||||| |||| 00| 0 eng d
040 _c0
082 _aDPer 796.07 St822 September-December 2015 v.28 n.5-6 January-October 2016 v.29 n.1-5
100 _aHushman, Glenn.
_eauthor.
_966959
245 _aValue-Added Modeling in Physical Education /
_cGlenn Hushman and Carolyn Hushman.
260 _aAnnapolis Junction, Maryland :
_bSHAPE America (Society of Health and Physical Educators) ;
_cNovember/December 2015.
300 _avolume 28, pages 23-27 :
_billustration ;
_c27cm.
500 _aStrategy, vol. 28, no.2, pages 9-15, November/December 2015.
700 _aHushman, Glenn.
_eauthor.
_966959
700 _aHushman, Carolyn.
_eauthor.
_966961
942 _2ddc
_cPER
999 _c24594
_d24594